000 00707nam a2200289Ia 4500
005 20260324112609.0
008 008 260324s9999 xx 000 0 eng d
020 _a9781003349709
037 _aEBOOK
040 _aCRL
040 _beng
040 _cCRL
041 _2eng
041 _aeng
084 _qCRL
100 _aSusan Petrilli; Susan Mancino
_91143363
245 0 _aSemioethics as Existential Dialogue
245 4 _bThe Gift and Burden of Responsibility
260 _bTaylor and Francis
260 _c2024
365 _a
365 _b205
856 _uhttp://www.taylorfrancis.com/books/9781003349709
942 _cEBOOK
999 _c1732626
_d1732626